[Event "WCO2014"]
[Site "Tromso"]
[Date "2014.08.09"]
[Round "7.16"]
[WhiteID "2219344"]
[White "Hernandez Estevez Yudania"]
[BlackID "1304313"]
[Black "Stoeri Laura"]
[Result "0-1"]
[LiveChessVersion "1.4.3"]
[BlackElo "2123"]
[WhiteElo "2258"]

1. e4 {[%clk 1:30:55]} e5 {[%clk 1:30:54]} 2. Nf3 {[%clk 1:31:09]} Nc6
{[%clk 1:31:18]} 3. Bc4 {[%clk 1:31:30]} Bc5 {[%clk 1:30:46]} 4. c3
{[%clk 1:30:59]} Nf6 {[%clk 1:29:46]} 5. d3 {[%clk 1:31:14]} d6 {[%clk 1:29:47]}
6. Bb3 {[%clk 1:29:52]} Be6 {[%clk 1:23:40]} 7. Ba4 {[%clk 1:11:05]} O-O
{[%clk 1:19:47]} 8. O-O {[%clk 1:11:15]} Bb6 {[%clk 1:10:00]} 9. Bg5
{[%clk 1:09:28]} h6 {[%clk 1:07:35]} 10. Bh4 {[%clk 1:08:50]} g5 {[%clk 1:04:01]}
11. Bg3 {[%clk 1:07:56]} Ne7 {[%clk 1:02:28]} 12. Nbd2 {[%clk 1:02:08]} Ng6
{[%clk 1:00:52]} 13. Re1 {[%clk 0:52:54]} h5 {[%clk 0:50:07]} 14. h4
{[%clk 0:50:33]} g4 {[%clk 0:37:44]} 15. Ng5 {[%clk 0:49:19]} Nh7
{[%clk 0:34:19]} 16. Nxh7 {[%clk 0:44:16]} Kxh7 {[%clk 0:34:47]} 17. Nf1
{[%clk 0:39:58]} Nxh4 {[%clk 0:34:18]} 18. d4 {[%clk 0:39:51]} Ng6
{[%clk 0:31:21]} 19. Qd2 {[%clk 0:22:52]} h4 {[%clk 0:27:29]} 20. Bh2
{[%clk 0:23:10]} Qf6 {[%clk 0:27:43]} 21. Rad1 {[%clk 0:23:06]} Rad8
{[%clk 0:21:15]} 22. Ne3 {[%clk 0:21:39]} Nf4 {[%clk 0:12:57]} 23. Nf5
{[%clk 0:21:15]} Qg5 {[%clk 0:09:31]} 24. Bxf4 {[%clk 0:20:31]} exf4
{[%clk 0:09:56]} 25. g3 {[%clk 0:18:41]} Bxf5 {[%clk 0:05:55]} 26. exf5
{[%clk 0:18:43]} Kg7 {[%clk 0:04:39]} 27. Re4 {[%clk 0:17:19]} Qxf5
{[%clk 0:02:02]} 28. Rxf4 {[%clk 0:15:35]} Qh5 {[%clk 0:02:23]} 29. Qe2
{[%clk 0:13:28]} f5 {[%clk 0:02:48]} 30. Qe7+ {[%clk 0:13:26]} Kh8
{[%clk 0:02:13]} 31. Qxh4 {[%clk 0:12:01]} Qxh4 {[%clk 0:02:36]} 32. gxh4
{[%clk 0:12:29]} Rf7 {[%clk 0:01:53]} 33. Re1 {[%clk 0:07:14]} c6
{[%clk 0:01:47]} 34. d5 {[%clk 0:07:13]} cxd5 {[%clk 0:00:41]} 35. Bb3
{[%clk 0:07:37]} g3 {[%clk 0:00:48]} 36. Kf1 {[%clk 0:01:16]} gxf2
{[%clk 0:00:43]} 37. Re2 {[%clk 0:01:01]} Rg8 {[%clk 0:00:42]} 38. Rexf2
{[%clk 0:01:20]} Bxf2 {[%clk 0:01:08]} 39. Kxf2 {[%clk 0:01:08]} Rg4
{[%clk 0:00:51]} 40. Rf3 {[%clk 0:01:04]} Rxh4 {[%clk 0:00:41]} 41. Bxd5
{[%clk 0:01:28]} Rf8 {[%clk 0:26:40]} 42. b4 {[%clk 0:27:17]} b6 {[%clk 0:25:53]}
43. Rg3 {[%clk 0:22:23]} Rg4 {[%clk 0:18:31]} 44. Re3 {[%clk 0:22:41]} Kh7
{[%clk 0:16:39]} 45. Re6 {[%clk 0:19:55]} Rg6 {[%clk 0:17:02]} 46. Re7+
{[%clk 0:20:15]} Rg7 {[%clk 0:17:27]} 47. Re6 {[%clk 0:20:34]} Rff7
{[%clk 0:16:13]} 48. c4 {[%clk 0:19:31]} Rd7 {[%clk 0:12:27]} 49. Rf6
{[%clk 0:14:15]} Rg5 {[%clk 0:12:11]} 50. Kf3 {[%clk 0:14:24]} Kg7
{[%clk 0:11:58]} 51. Re6 {[%clk 0:14:31]} Rg6 {[%clk 0:11:10]} 52. Re8
{[%clk 0:14:33]} Kf6 {[%clk 0:11:08]} 53. Re6+ {[%clk 0:11:33]} Kg5
{[%clk 0:11:31]} 54. Re1 {[%clk 0:11:53]} Rh7 {[%clk 0:11:08]} 55. Rg1+
{[%clk 0:09:18]} Kf6 {[%clk 0:11:21]} 56. Re1 {[%clk 0:09:18]} Rh3+
{[%clk 0:10:56]} 57. Kf2 {[%clk 0:09:39]} Rh2+ {[%clk 0:10:48]} 58. Kf3
{[%clk 0:09:50]} Rxa2 {[%clk 0:09:57]} 59. b5 {[%clk 0:10:09]} Rh6
{[%clk 0:06:15]} 60. Kg3 {[%clk 0:05:15]} Kg5 {[%clk 0:05:10]} 61. Rf1
{[%clk 0:04:18]} f4+ {[%clk 0:04:27]} 0-1

[Event "WCO2014"]
[Site "Tromso"]
[Date "2014.08.09"]
[Round "7.44"]
[WhiteID "1700030"]
[White "Cramling Pia"]
[BlackID "12802859"]
[Black "Daulyte Deimante"]
[Result "1/2-1/2"]
[LiveChessVersion "1.4.3"]
[BlackElo "2386"]
[WhiteElo "2500"]

1. Nf3 {[%clk 1:30:54]} Nf6 {[%clk 1:30:53]} 2. c4 {[%clk 1:31:16]} g6
{[%clk 1:31:03]} 3. b3 {[%clk 1:31:07]} Bg7 {[%clk 1:30:45]} 4. Bb2
{[%clk 1:31:31]} d6 {[%clk 1:29:44]} 5. d4 {[%clk 1:31:45]} c5 {[%clk 1:23:24]}
6. Nc3 {[%clk 1:06:25]} cxd4 {[%clk 1:09:54]} 7. Nxd4 {[%clk 1:06:22]} O-O
{[%clk 1:10:09]} 8. e3 {[%clk 1:05:36]} Nc6 {[%clk 1:07:12]} 9. Be2
{[%clk 1:04:17]} d5 {[%clk 0:56:26]} 10. Nxc6 {[%clk 1:00:49]} bxc6
{[%clk 0:56:50]} 11. O-O {[%clk 1:00:52]} Ne4 {[%clk 0:54:05]} 12. Qc1
{[%clk 1:00:11]} Nxc3 {[%clk 0:47:18]} 13. Bxc3 {[%clk 1:00:34]} Bxc3
{[%clk 0:46:56]} 14. Qxc3 {[%clk 1:00:58]} Ba6 {[%clk 0:47:48]} 15. Rfd1
{[%clk 0:54:53]} Qb6 {[%clk 0:46:55]} 16. h4 {[%clk 0:44:49]} Rfe8
{[%clk 0:33:58]} 17. Bf3 {[%clk 0:28:23]} dxc4 {[%clk 0:18:21]} 18. bxc4
{[%clk 0:27:56]} Qc5 {[%clk 0:17:55]} 19. Qd4 {[%clk 0:26:23]} Qxd4
{[%clk 0:17:46]} 20. Rxd4 {[%clk 0:26:31]} e5 {[%clk 0:13:30]} 21. Rd6
{[%clk 0:14:56]} Bxc4 {[%clk 0:11:50]} 22. Rxc6 {[%clk 0:14:08]} Rac8
{[%clk 0:11:18]} 23. Rc1 {[%clk 0:13:54]} Be6 {[%clk 0:11:02]} 24. a3
{[%clk 0:14:10]} Rxc6 {[%clk 0:08:57]} 25. Rxc6 {[%clk 0:14:35]} Rc8
{[%clk 0:09:23]} 26. Ra6 {[%clk 0:14:52]} Rc7 {[%clk 0:09:49]} 27. g4
{[%clk 0:10:59]} h6 {[%clk 0:07:15]} 28. g5 {[%clk 0:09:19]} hxg5
{[%clk 0:06:55]} 29. hxg5 {[%clk 0:09:45]} Kg7 {[%clk 0:05:01]} 30. Ra5
{[%clk 0:08:06]} f6 {[%clk 0:04:14]} 31. Ra6 {[%clk 0:08:24]} Kf7
{[%clk 0:03:59]} 32. gxf6 {[%clk 0:08:45]} Bc4 {[%clk 0:03:36]} 33. Rd6
{[%clk 0:08:45]} a5 {[%clk 0:03:55]} 34. a4 {[%clk 0:05:59]} Rc5 {[%clk 0:02:46]}
35. Kh2 {[%clk 0:05:20]} Be6 {[%clk 0:02:38]} 36. Ra6 {[%clk 0:03:59]} Bb3
{[%clk 0:01:43]} 37. Rd6 {[%clk 0:02:53]} Be6 {[%clk 0:02:06]} 38. Be4
{[%clk 0:01:40]} Kxf6 {[%clk 0:01:47]} 39. Ra6 {[%clk 0:01:44]} g5
{[%clk 0:01:00]} 40. Bd3 {[%clk 0:01:12]} Ke7 {[%clk 0:00:40]} 41. Kg3
{[%clk 0:01:07]} Bd5 {[%clk 0:18:30]} 42. Bf5 {[%clk 0:17:00]} Bc6
{[%clk 0:15:33]} 43. Kg4 {[%clk 0:14:11]} Bxa4 {[%clk 0:15:14]} 44. Kxg5
{[%clk 0:08:45]} Bb3 {[%clk 0:11:23]} 45. Be4 {[%clk 0:08:04]} a4
{[%clk 0:10:53]} 46. Kf5 {[%clk 0:04:26]} Kd7 {[%clk 0:08:49]} 47. Kf6
{[%clk 0:04:39]} Kc7 {[%clk 0:08:07]} 48. Kf5 {[%clk 0:03:52]} Kd7
{[%clk 0:08:26]} 49. Kf6 {[%clk 0:03:50]} Kc7 {[%clk 0:08:51]} 50. Kf5
{[%clk 0:02:35]} Kd7 {[%clk 0:09:15]} 1/2-1/2

[Event "WCO2014"]
[Site "Tromso"]
[Date "2014.08.09"]
[Round "7.42"]
[WhiteID "1708481"]
[White "Frisk Ellinor"]
[BlackID "12803243"]
[Black "Batkovskyte Dominyka"]
[Result "1-0"]
[LiveChessVersion "1.4.3"]
[BlackElo "2117"]
[WhiteElo "2257"]

1. Nf3 {[%clk 1:30:58]} Nf6 {[%clk 1:30:49]} 2. c4 {[%clk 1:31:23]} g6
{[%clk 1:30:39]} 3. Nc3 {[%clk 1:31:18]} d5 {[%clk 1:30:34]} 4. cxd5
{[%clk 1:31:39]} Nxd5 {[%clk 1:30:57]} 5. d4 {[%clk 1:31:46]} Bg7
{[%clk 1:30:24]} 6. Bg5 {[%clk 1:32:05]} Nxc3 {[%clk 1:22:02]} 7. bxc3
{[%clk 1:32:30]} O-O {[%clk 1:22:21]} 8. e3 {[%clk 1:31:52]} c5 {[%clk 1:20:36]}
9. Be2 {[%clk 1:29:02]} Re8 {[%clk 1:12:57]} 10. O-O {[%clk 1:29:11]} Qa5
{[%clk 1:12:18]} 11. Qb3 {[%clk 1:22:12]} Nc6 {[%clk 1:05:54]} 12. Rac1
{[%clk 0:51:33]} Qb6 {[%clk 0:29:10]} 13. d5 {[%clk 0:47:16]} Nb8
{[%clk 0:24:25]} 14. Rfd1 {[%clk 0:45:15]} Bd7 {[%clk 0:21:49]} 15. Qa3
{[%clk 0:39:40]} e6 {[%clk 0:15:18]} 16. Rb1 {[%clk 0:39:10]} Qc7
{[%clk 0:15:24]} 17. dxe6 {[%clk 0:36:10]} Bxe6 {[%clk 0:13:58]} 18. Bf4
{[%clk 0:36:28]} Qc8 {[%clk 0:13:42]} 19. Ng5 {[%clk 0:35:56]} Nc6
{[%clk 0:06:23]} 20. Nxe6 {[%clk 0:29:33]} fxe6 {[%clk 0:06:05]} 21. Qxc5
{[%clk 0:28:49]} b6 {[%clk 0:06:08]} 22. Qa3 {[%clk 0:26:52]} e5 {[%clk 0:04:53]}
23. Bg3 {[%clk 0:26:13]} Na5 {[%clk 0:05:03]} 24. Bb5 {[%clk 0:23:03]} Rf8
{[%clk 0:03:02]} 25. Rd7 {[%clk 0:20:43]} Qc5 {[%clk 0:00:41]} 26. Qxc5
{[%clk 0:17:35]} bxc5 {[%clk 0:01:10]} 27. e4 {[%clk 0:17:23]} a6
{[%clk 0:01:05]} 28. Be2 {[%clk 0:17:03]} Bf6 {[%clk 0:01:03]} 29. Rc7
{[%clk 0:16:10]} Rab8 {[%clk 0:00:47]} 30. Rxb8 {[%clk 0:14:28]} Rxb8
{[%clk 0:01:16]} 31. h3 {[%clk 0:14:24]} Rb1+ {[%clk 0:01:18]} 32. Kh2
{[%clk 0:14:46]} h5 {[%clk 0:01:02]} 33. h4 {[%clk 0:14:17]} Rb2 {[%clk 0:00:59]}
34. Bxa6 {[%clk 0:13:30]} Rxa2 {[%clk 0:01:05]} 35. Rxc5 {[%clk 0:13:44]} Kf8
{[%clk 0:00:41]} 36. Bxe5 {[%clk 0:11:14]} Bxh4 {[%clk 0:00:48]} 37. Bd6+
{[%clk 0:09:54]} Kg7 {[%clk 0:00:44]} 38. Rc7+ {[%clk 0:07:15]} Kg8
{[%clk 0:00:42]} 39. f3 {[%clk 0:04:50]} Bf2 {[%clk 0:00:39]} 40. Bc8
{[%clk 0:04:36]} 1-0

[Event "WCO2014"]
[Site "Tromso"]
[Date "2014.08.09"]
[Round "7.41"]
[WhiteID "12800546"]
[White "Vanagaite Giedre"]
[BlackID "1705385"]
[Black "Horn Emilia"]
[Result "1/2-1/2"]
[LiveChessVersion "1.4.3"]
[BlackElo "2000"]
[WhiteElo "2032"]

1. d4 {[%clk 1:30:57]} d5 {[%clk 1:30:53]} 2. Nf3 {[%clk 1:31:20]} c6
{[%clk 1:31:09]} 3. c4 {[%clk 1:31:33]} e6 {[%clk 1:31:14]} 4. e3
{[%clk 1:30:44]} Nf6 {[%clk 1:31:11]} 5. b3 {[%clk 1:28:34]} a6 {[%clk 1:29:24]}
6. Bd3 {[%clk 1:25:05]} b5 {[%clk 1:24:53]} 7. O-O {[%clk 1:22:53]} Nbd7
{[%clk 1:14:06]} 8. Bb2 {[%clk 1:15:41]} Be7 {[%clk 1:10:39]} 9. Qc2
{[%clk 1:14:14]} h6 {[%clk 1:08:41]} 10. Nbd2 {[%clk 1:04:27]} O-O
{[%clk 1:01:34]} 11. e4 {[%clk 0:50:48]} bxc4 {[%clk 0:57:38]} 12. bxc4
{[%clk 0:51:08]} dxe4 {[%clk 0:56:22]} 13. Nxe4 {[%clk 0:51:04]} c5
{[%clk 0:46:15]} 14. Rfd1 {[%clk 0:37:08]} cxd4 {[%clk 0:35:54]} 15. Bxd4
{[%clk 0:34:46]} Qc7 {[%clk 0:35:41]} 16. Qe2 {[%clk 0:18:38]} Bb7
{[%clk 0:34:15]} 17. Nfd2 {[%clk 0:18:54]} Nxe4 {[%clk 0:27:36]} 18. Nxe4
{[%clk 0:18:39]} e5 {[%clk 0:27:41]} 19. Bb2 {[%clk 0:16:55]} f5 {[%clk 0:23:40]}
20. Ng3 {[%clk 0:16:16]} e4 {[%clk 0:15:23]} 21. Bc2 {[%clk 0:14:16]} Bc5
{[%clk 0:11:52]} 22. Qd2 {[%clk 0:12:07]} Rad8 {[%clk 0:11:38]} 23. Qc3
{[%clk 0:11:43]} Nf6 {[%clk 0:10:58]} 24. Nxf5 {[%clk 0:08:01]} Bxf2+
{[%clk 0:11:13]} 25. Kxf2 {[%clk 0:07:45]} Qf4+ {[%clk 0:11:34]} 26. Kg1
{[%clk 0:08:03]} Qxf5 {[%clk 0:11:56]} 27. Rxd8 {[%clk 0:06:58]} Rxd8
{[%clk 0:12:15]} 28. Re1 {[%clk 0:05:45]} Rd7 {[%clk 0:10:37]} 29. Qe5
{[%clk 0:03:33]} Qg4 {[%clk 0:09:14]} 30. h3 {[%clk 0:03:24]} Qg6
{[%clk 0:06:22]} 31. Qe6+ {[%clk 0:03:29]} Qf7 {[%clk 0:05:55]} 32. Qxf7+
{[%clk 0:02:20]} Kxf7 {[%clk 0:06:24]} 33. Bxf6 {[%clk 0:01:50]} Kxf6
{[%clk 0:06:53]} 34. Bxe4 {[%clk 0:01:58]} Bxe4 {[%clk 0:06:57]} 35. Rxe4
{[%clk 0:02:24]} Kf5 {[%clk 0:06:47]} 36. Re2 {[%clk 0:02:18]} Rd1+
{[%clk 0:05:59]} 37. Kh2 {[%clk 0:01:30]} Rc1 {[%clk 0:06:27]} 38. Re7
{[%clk 0:01:23]} Rxc4 {[%clk 0:06:55]} 39. Rxg7 {[%clk 0:01:31]} Ra4
{[%clk 0:04:44]} 40. Rf7+ {[%clk 0:01:41]} Kg5 {[%clk 0:03:36]} 41. Rf2
{[%clk 0:02:00]} h5 {[%clk 0:01:44]} 42. g3 {[%clk 0:28:52]} Ra3 {[%clk 0:19:31]}
43. Rg2 {[%clk 0:17:13]} a5 {[%clk 0:15:10]} 44. Rf2 {[%clk 0:16:32]} Kg6
{[%clk 0:15:06]} 45. Rg2 {[%clk 0:15:59]} Kg5 {[%clk 0:15:14]} 46. Kg1
{[%clk 0:16:12]} Rf3 {[%clk 0:14:15]} 47. Kh1 {[%clk 0:15:25]} Ra3
{[%clk 0:13:32]} 48. Kh2 {[%clk 0:15:44]} Kg6 {[%clk 0:12:39]} 49. Kg1
{[%clk 0:14:36]} Rf3 {[%clk 0:12:00]} 50. h4 {[%clk 0:14:55]} Ra3
{[%clk 0:11:43]} 51. Kh2 {[%clk 0:14:15]} Ra4 {[%clk 0:11:36]} 52. Kh3
{[%clk 0:13:58]} Ra3 {[%clk 0:11:52]} 53. Rf2 {[%clk 0:13:55]} Ra4
{[%clk 0:11:57]} 54. Rc2 {[%clk 0:12:44]} Ra3 {[%clk 0:12:06]} 55. Rc6+
{[%clk 0:12:22]} Kg7 {[%clk 0:12:21]} 56. Rc5 {[%clk 0:11:51]} Kg6
{[%clk 0:12:50]} 57. Rc6+ {[%clk 0:11:41]} Kg7 {[%clk 0:13:18]} 58. Rc5
{[%clk 0:11:36]} Kg6 {[%clk 0:13:46]} 59. Rc6+ {[%clk 0:11:43]} 1/2-1/2

[Event "WCO2014"]
[Site "Tromso"]
[Date "2014.08.09"]
[Round "7.19"]
[WhiteID "6302661"]
[White "Topel Zehra"]
[BlackID "4690745"]
[Black "Ohme Melanie"]
[Result "0-1"]
[LiveChessVersion "1.4.3"]
[BlackElo "2301"]
[WhiteElo "2156"]

1. d4 {[%clk 1:30:43]} d6 {[%clk 1:30:54]} 2. c4 {[%clk 1:30:24]} e5
{[%clk 1:31:18]} 3. e4 {[%clk 1:26:49]} exd4 {[%clk 1:31:35]} 4. Qxd4
{[%clk 1:26:57]} Nc6 {[%clk 1:32:00]} 5. Qd2 {[%clk 1:25:29]} Nf6
{[%clk 1:32:03]} 6. Nc3 {[%clk 1:25:30]} g6 {[%clk 1:32:18]} 7. Bd3
{[%clk 1:24:06]} Bg7 {[%clk 1:25:28]} 8. Nge2 {[%clk 1:23:27]} Ng4
{[%clk 1:18:02]} 9. O-O {[%clk 0:58:34]} Nge5 {[%clk 0:58:29]} 10. f4
{[%clk 0:57:40]} Nxd3 {[%clk 0:58:51]} 11. Qxd3 {[%clk 0:58:05]} O-O
{[%clk 0:57:38]} 12. Be3 {[%clk 0:55:26]} f5 {[%clk 0:55:29]} 13. Ng3
{[%clk 0:50:33]} fxe4 {[%clk 0:53:30]} 14. Ngxe4 {[%clk 0:50:24]} Bf5
{[%clk 0:46:05]} 15. Qd5+ {[%clk 0:47:13]} Kh8 {[%clk 0:46:30]} 16. a3
{[%clk 0:46:52]} Qd7 {[%clk 0:39:55]} 17. Rad1 {[%clk 0:43:33]} Rae8
{[%clk 0:37:58]} 18. Rfe1 {[%clk 0:37:57]} Re7 {[%clk 0:30:23]} 19. Ng5
{[%clk 0:32:43]} Bg4 {[%clk 0:23:37]} 20. Nf3 {[%clk 0:24:40]} Rf5
{[%clk 0:16:28]} 21. Qd3 {[%clk 0:20:42]} g5 {[%clk 0:15:41]} 22. Nd5
{[%clk 0:19:50]} Re8 {[%clk 0:15:38]} 23. Bc1 {[%clk 0:18:48]} Ref8
{[%clk 0:15:06]} 24. g3 {[%clk 0:14:42]} gxf4 {[%clk 0:14:58]} 25. Nxf4
{[%clk 0:14:42]} Qf7 {[%clk 0:12:46]} 26. b3 {[%clk 0:13:56]} Ne5
{[%clk 0:12:34]} 27. Nxe5 {[%clk 0:12:27]} dxe5 {[%clk 0:13:01]} 28. Ne2
{[%clk 0:11:50]} Rf3 {[%clk 0:09:41]} 29. Qe4 {[%clk 0:11:20]} Rxg3+
{[%clk 0:08:03]} 30. Nxg3 {[%clk 0:10:56]} Qf2+ {[%clk 0:08:28]} 31. Kh1
{[%clk 0:11:19]} Bf3+ {[%clk 0:08:45]} 32. Qxf3 {[%clk 0:11:41]} Qxf3+
{[%clk 0:09:09]} 33. Kg1 {[%clk 0:12:05]} e4 {[%clk 0:05:53]} 34. Rf1
{[%clk 0:09:28]} Qxb3 {[%clk 0:06:03]} 35. Rxf8+ {[%clk 0:09:25]} Bxf8
{[%clk 0:06:32]} 36. Rd8 {[%clk 0:09:35]} Qb6+ {[%clk 0:04:25]} 37. Kg2
{[%clk 0:09:26]} Qf6 {[%clk 0:04:30]} 38. Re8 {[%clk 0:09:31]} Qf3+
{[%clk 0:03:45]} 39. Kh3 {[%clk 0:09:56]} Kg7 {[%clk 0:02:58]} 40. Rxe4
{[%clk 0:09:46]} Bd6 {[%clk 0:01:48]} 41. Re3 {[%clk 0:08:42]} Qf7
{[%clk 0:00:34]} 42. Bb2+ {[%clk 0:06:45]} Kg6 {[%clk 0:29:53]} 43. Re4
{[%clk 0:36:46]} h5 {[%clk 0:29:03]} 44. Kg2 {[%clk 0:36:38]} Bxg3
{[%clk 0:22:02]} 45. hxg3 {[%clk 0:36:56]} Qf5 {[%clk 0:22:16]} 46. Re2
{[%clk 0:35:37]} Qg4 {[%clk 0:21:31]} 47. Kf2 {[%clk 0:33:12]} Qxc4
{[%clk 0:21:47]} 48. Be5 {[%clk 0:33:26]} c5 {[%clk 0:21:10]} 49. Bf4
{[%clk 0:32:30]} b5 {[%clk 0:20:00]} 50. Re5 {[%clk 0:32:19]} h4 {[%clk 0:19:11]}
51. Kg2 {[%clk 0:32:18]} Qa2+ {[%clk 0:18:12]} 52. Kh3 {[%clk 0:32:30]} hxg3
{[%clk 0:18:34]} 53. Rg5+ {[%clk 0:32:50]} Kf6 {[%clk 0:18:49]} 54. Rxg3
{[%clk 0:33:03]} b4 {[%clk 0:17:58]} 55. axb4 {[%clk 0:32:16]} cxb4
{[%clk 0:18:24]} 56. Rg2 {[%clk 0:32:14]} Qc4 {[%clk 0:17:22]} 57. Rf2
{[%clk 0:31:54]} Ke6 {[%clk 0:17:27]} 58. Bg5 {[%clk 0:31:24]} a5
{[%clk 0:17:09]} 59. Rf4 {[%clk 0:30:52]} Qd3+ {[%clk 0:17:12]} 60. Kg4
{[%clk 0:31:07]} b3 {[%clk 0:16:59]} 0-1

[Event "WCO2014"]
[Site "Tromso"]
[Date "2014.08.09"]
[Round "7.20"]
[WhiteID "24606812"]
[White "Hoolt Sarah"]
[BlackID "6325670"]
[Black "Cemhan Kardelen"]
[Result "1-0"]
[LiveChessVersion "1.4.3"]
[BlackElo "2019"]
[WhiteElo "2318"]

1. e4 {[%clk 1:30:57]} e5 {[%clk 1:30:54]} 2. Nf3 {[%clk 1:31:24]} Nc6
{[%clk 1:31:16]} 3. Nc3 {[%clk 1:31:50]} Nf6 {[%clk 1:28:56]} 4. Bb5
{[%clk 1:32:16]} d6 {[%clk 1:25:49]} 5. d4 {[%clk 1:32:31]} exd4 {[%clk 1:25:41]}
6. Nxd4 {[%clk 1:32:55]} Bd7 {[%clk 1:25:36]} 7. O-O {[%clk 1:32:24]} Be7
{[%clk 1:22:55]} 8. Re1 {[%clk 1:31:54]} O-O {[%clk 1:21:07]} 9. Bf1
{[%clk 1:30:30]} Re8 {[%clk 1:18:42]} 10. h3 {[%clk 1:30:43]} h6 {[%clk 1:16:23]}
11. Nde2 {[%clk 1:17:32]} Bf8 {[%clk 1:12:51]} 12. Ng3 {[%clk 1:16:43]} Ne5
{[%clk 1:03:40]} 13. f4 {[%clk 1:10:51]} Ng6 {[%clk 1:03:56]} 14. Be3
{[%clk 1:08:47]} c5 {[%clk 0:58:57]} 15. Bc4 {[%clk 1:03:28]} Bc6
{[%clk 0:56:10]} 16. Qd3 {[%clk 0:54:47]} Ne7 {[%clk 0:37:55]} 17. Rad1
{[%clk 0:46:53]} Qb6 {[%clk 0:32:46]} 18. Bb3 {[%clk 0:36:51]} Rad8
{[%clk 0:30:42]} 19. Qc4 {[%clk 0:34:32]} d5 {[%clk 0:29:31]} 20. Qxc5
{[%clk 0:25:52]} Qxc5 {[%clk 0:29:20]} 21. Bxc5 {[%clk 0:26:19]} dxe4
{[%clk 0:27:44]} 22. Bxa7 {[%clk 0:22:15]} Rxd1 {[%clk 0:21:15]} 23. Rxd1
{[%clk 0:22:11]} Ng6 {[%clk 0:20:57]} 24. Be3 {[%clk 0:21:22]} Bb4
{[%clk 0:19:35]} 25. Nce2 {[%clk 0:15:09]} Ba5 {[%clk 0:16:27]} 26. Nf5
{[%clk 0:13:43]} Bc7 {[%clk 0:16:09]} 27. Kf2 {[%clk 0:08:59]} Rd8
{[%clk 0:06:52]} 28. Rxd8+ {[%clk 0:08:12]} Bxd8 {[%clk 0:07:20]} 29. Ned4
{[%clk 0:05:43]} Nd5 {[%clk 0:06:19]} 30. Nxc6 {[%clk 0:05:16]} bxc6
{[%clk 0:06:47]} 31. g3 {[%clk 0:05:32]} Nge7 {[%clk 0:05:59]} 32. Nxe7+
{[%clk 0:04:17]} Nxe7 {[%clk 0:05:42]} 33. Bc5 {[%clk 0:03:38]} Kf8
{[%clk 0:05:25]} 34. f5 {[%clk 0:03:23]} Ke8 {[%clk 0:04:30]} 35. g4
{[%clk 0:02:50]} Ng8 {[%clk 0:04:00]} 36. Ke3 {[%clk 0:02:45]} Nf6
{[%clk 0:04:28]} 37. c4 {[%clk 0:03:03]} Bc7 {[%clk 0:04:00]} 38. Bd4
{[%clk 0:02:33]} Bh2 {[%clk 0:02:07]} 39. Ke2 {[%clk 0:02:00]} Kd7
{[%clk 0:01:15]} 40. Bc2 {[%clk 0:02:12]} Bd6 {[%clk 0:00:56]} 41. c5
{[%clk 0:29:38]} Bb8 {[%clk 0:29:56]} 42. Ke3 {[%clk 0:27:49]} Ba7
{[%clk 0:22:43]} 43. Bxe4 {[%clk 0:27:35]} Nxe4 {[%clk 0:23:05]} 44. Kxe4
{[%clk 0:27:59]} f6 {[%clk 0:23:28]} 45. b4 {[%clk 0:27:37]} Kc7 {[%clk 0:21:07]}
46. Be3 {[%clk 0:27:47]} Kb7 {[%clk 0:19:54]} 47. Bf4 {[%clk 0:28:10]} 1-0